000 00494nam a2200181Ia 4500
005 20250508151309.0
008 008 250505s9999 xx 000 0 eng d
037 _aTextual
040 _aFEDL
_beng
_cFEDL
041 _aeng
_2eng
084 _a793.30954, BOW
_qFEDL
100 _aBowers Faubion
245 0 _aDance in India
260 _aNew York, USA
_bColumbia Univeristy Press
_c1953
300 _a175p.
942 _cTEXL
_h793.30954, BOW
999 _c1328909
_d1328909